Pop Star Dork Diaries Tales From A Not So Fabulous Life (Record no. 586399)
[ view plain ]
| 000 -LEADER | |
|---|---|
| fixed length control field | 00328nam a22001217a 4500 |
| 020 ## - INTERNATIONAL STANDARD BOOK NUMBER | |
| International Standard Book Number | 9780857079794 |
| 040 ## - CATALOGING SOURCE | |
| Transcribing agency | NUST |
| 082 ## - DEWEY DECIMAL CLASSIFICATION NUMBER | |
| Classification number | 813-CH |
| Author Mark | RUS |
| 100 ## - MAIN ENTRY--PERSONAL NAME | |
| Personal name | Russell, Rachel Renee |
| 9 (RLIN) | 81942 |
| 245 ## - TITLE STATEMENT | |
| Title | Pop Star Dork Diaries Tales From A Not So Fabulous Life |
| 260 ## - PUBLICATION, DISTRIBUTION, ETC. | |
| Place of publication, distribution, etc. | USA: |
| Name of publisher, distributor, etc. | Simon And Schuster, |
| Date of publication, distribution, etc. | 2011. |
| 942 ## - ADDED ENTRY ELEMENTS (KOHA) | |
| Source of classification or shelving scheme | |
| Koha item type | Book |
| Withdrawn status | Lost status | Source of classification or shelving scheme | Damaged status | Not for loan | Permanent Location | Current Location | Shelving location | Date acquired | Total Checkouts | Full call number | Barcode | Date last seen | Price effective from | Koha item type |
|---|---|---|---|---|---|---|---|---|---|---|---|---|---|---|
| College of Electrical & Mechanical Engineering (CEME) | College of Electrical & Mechanical Engineering (CEME) | General Stacks | 09/03/2021 | 813-CH RUS | CEME-50315 | 09/03/2021 | 09/03/2021 | Book |
